| 000 | 00974nam a22002657a 4500 | ||
|---|---|---|---|
| 005 | 20121129150133.0 | ||
| 008 | 121129t xxu||||| |||| 00| 0 eng d | ||
| 010 | _aENG-106250 | ||
| 020 |
_a9781259029295 _c195.00 |
||
| 020 |
_a1259029298 _c195.00 |
||
| 035 | _aEN-89783 | ||
| 037 | _bDBAD/PUB | ||
| 040 |
_aDPL _bEng |
||
| 082 | _a005.72 | ||
| 100 | 1 |
_aMcGrath, Mike _953921 |
|
| 245 | 1 | 4 |
_aXML in easy steps / _cby Mike McGrath |
| 250 | _a2nd ed | ||
| 260 |
_aNew Delhi _bTata McGraw-Hill _c2012 |
||
| 270 |
_a7 West Patel Nagar _bNew Delhi _e110008 |
||
| 300 |
_a192p. : _bill. _c24cm(pbk) |
||
| 500 | _aIncludes index | ||
| 942 |
_2ddc _cEN _h005.72 _mMCG |
||
| 999 |
_c71723 _d71723 |
||